Online
Catalog

Poder y política en la era de Trujillo / (Record no. 45060)

MARC details
000 -CABECERA
campo de control de longitud fija 00737nam a2200205 a 4500
001 - NÚMERO DE CONTROL
campo de control 000045571
005 - FECHA Y HORA DE LA ÚLTIMA TRANSACCIÓN
campo de control 20201002052325.0
008 - DATOS DE LONGITUD FIJA--INFORMACIÓN GENERAL
campo de control de longitud fija 150415s1995 dr 000 0 spa d
040 ## - FUENTE DE LA CATALOGACIÓN
Centro catalogador/agencia de origen DO-SdBNP
Lengua de catalogación spa
Centro/agencia transcriptor BNPHU
082 ## - NÚMERO DE LA CLASIFICACIÓN DECIMAL DEWEY
Número de clasificación xxxx
Número de documento/Ítem xxxx
100 1# - ENTRADA PRINCIPAL--NOMBRE DE PERSONA
Nombre de persona Pimentel, Miguel A.,
Fechas asociadas al nombre 1951-
9 (RLIN) 17990
245 10 - MENCIÓN DE TÍTULO
Título Poder y política en la era de Trujillo /
Mención de responsabilidad, etc. Miguel A. Pimentel.
260 ## - PUBLICACIÓN, DISTRIBUCIÓN, ETC.
Lugar de publicación, distribución, etc. Santo Domingo :
Nombre del editor, distribuidor, etc. Imprenta Amiama,
Fecha de publicación, distribución, etc. 1995.
300 ## - DESCRIPCIÓN FÍSICA
Extensión v. ;
Dimensiones 21cm.
500 ## - NOTA GENERAL
Nota general Perteneció a la biblioteca personal de Erick Landestoy.
500 ## - NOTA GENERAL
Nota general Incluye datos biográficos del autor en la solapa de la contracubierta
500 ## - NOTA GENERAL
Nota general La biblioteca posee el v. 1
504 ## - NOTA DE BIBLIOGRAFÍA, ETC.
Nota de bibliografía, etc. Bibliografía : p. 109-111
505 0# - NOTA DE CONTENIDO CON FORMATO
Nota de contenido con formato Filosofía y política (1930-1961).
Holdings
Estado de retiro Estado de pérdida No para préstamo Código de colección Localización permanente Ubicación/localización actual Ubicación en estantería Fecha de adquisición Número de inventario Total de préstamos Signatura topográfica completa Código de barras Fecha visto por última vez Precio válido a partir de Tipo de ítem Koha Nota pública
    Excluido de préstamo Patrimonio Dominicano Patrimonio Dominicano Patrimonio Dominicano En catalogación 15.04.2015 LF1   xxxx xxxx 45571-10 25.06.2020 25.06.2020 Libro y Folleto Colección Patrimonio Dominicano Perteneció a la biblioteca personal de Erick Landestoy.

Powered by Koha